Biodegradation and bioremediation / (Record no. 332436)

000 -LEADER
fixed length control field 01324cam a22003014a 4500
001 - CONTROL NUMBER
control field 13503897
003 - CONTROL NUMBER IDENTIFIER
control field NUST
005 - DATE AND TIME OF LATEST TRANSACTION
control field 20171206093050.0
008 - FIXED-LENGTH DATA ELEMENTS--GENERAL INFORMATION
fixed length control field 040227s2004 gw a b 001 0 eng
010 ## - LIBRARY OF CONGRESS CONTROL NUMBER
LC control number 2004045276
020 ## - INTERNATIONAL STANDARD BOOK NUMBER
International Standard Book Number 3540211012 (alk. paper)
040 ## - CATALOGING SOURCE
Original cataloging agency DLC
Transcribing agency DLC
Modifying agency DLC
042 ## - AUTHENTICATION CODE
Authentication code pcc
050 00 - LIBRARY OF CONGRESS CALL NUMBER
Classification number TD192.5
Item number .B544 2004
082 00 - DEWEY DECIMAL CLASSIFICATION NUMBER
Classification number 628.55 SIN
Edition number 22
245 00 - TITLE STATEMENT
Title Biodegradation and bioremediation /
Statement of responsibility, etc. Ajay Singh, Owen P. Ward (eds.).
260 ## - PUBLICATION, DISTRIBUTION, ETC.
Place of publication, distribution, etc. Berlin ;
-- New York :
Name of publisher, distributor, etc. Springer,
Date of publication, distribution, etc. 2004.
300 ## - PHYSICAL DESCRIPTION
Extent xvii, 309 p. :
Other physical details ill. ;
Dimensions 25 cm.
440 #0 - SERIES STATEMENT/ADDED ENTRY--TITLE
Title Soil biology,
International Standard Serial Number 1613-3382 ;
Volume/sequential designation 2
9 (RLIN) 6948
500 ## - GENERAL NOTE
General note H.B
504 ## - BIBLIOGRAPHY, ETC. NOTE
Bibliography, etc. note Includes bibliographical references and index.
650 #0 - SUBJECT ADDED ENTRY--TOPICAL TERM
Topical term or geographic name entry element Bioremediation.
9 (RLIN) 6514
650 #0 - SUBJECT ADDED ENTRY--TOPICAL TERM
Topical term or geographic name entry element Hazardous wastes
General subdivision Biodegradation.
9 (RLIN) 6949
700 1# - ADDED ENTRY--PERSONAL NAME
Personal name Singh, Ajay,
Dates associated with a name 1963-
9 (RLIN) 6950
700 1# - ADDED ENTRY--PERSONAL NAME
Personal name Ward, Owen P.,
Dates associated with a name 1947-
9 (RLIN) 6951
856 42 - ELECTRONIC LOCATION AND ACCESS
Materials specified Publisher description
Uniform Resource Identifier <a href="http://www.loc.gov/catdir/enhancements/fy0818/2004045276-d.html">http://www.loc.gov/catdir/enhancements/fy0818/2004045276-d.html</a>
856 41 - ELECTRONIC LOCATION AND ACCESS
Materials specified Table of contents only
Uniform Resource Identifier <a href="http://www.loc.gov/catdir/enhancements/fy0818/2004045276-t.html">http://www.loc.gov/catdir/enhancements/fy0818/2004045276-t.html</a>
906 ## - LOCAL DATA ELEMENT F, LDF (RLIN)
a 7
b cbc
c orignew
d 1
e ocip
f 20
g y-gencatlg
942 ## - ADDED ENTRY ELEMENTS (KOHA)
Source of classification or shelving scheme
Koha item type Book
Call number prefix IESE
Holdings
Withdrawn status Lost status Source of classification or shelving scheme Damaged status Not for loan Collection code Permanent Location Current Location Shelving location Date acquired Total Checkouts Full call number Barcode Date last seen Price effective from Koha item type
            Institute of Environmental Science and Engineering (IESE) Institute of Environmental Science and Engineering (IESE) General Stacks 12/06/2017   628.55 SIN IESE-1722 12/06/2017 12/06/2017 Book
© 2023 Central Library, National University of Sciences and Technology. All Rights Reserved.